01712 2200289 4500001002100000005001500021035002000036008004100056020001800097041000800115082001300123084001900136100002300155245006200178260004300240300003500283500002300318520087100341650001601212650004401228990002501272990002501297990002501322990002501347990002501372990002501397INLIS00000000000457520221031081049 a0010-0520004575221031 | | eng  a9780521703857 aeng a341.2422 a341.2422 JAC s0 aJacobs, Francis G.14aSovereignty of Law: The European Way /cFrancis G. Jacobs aNew York :bRoutledge-Cavendish,c2007 axiv, 163 p. ; 22 cm. ;c22 cm. aIndeks : p.155-163 aRecently, the role of courts has changed dramatically. Not only do courts now have to decide cases between parties, they also often have to choose between competing fundamental values. Judges may have to balance the potentially conflicting interests of human life and human dignity; freedom of speech and the right of privacy; or free trade and the protection of the environment. The courts may have to circumscribe freedom of religion, and decide when religious dress may be worn. With the non-specialist in mind, and starting from the basic notion of the rule of law, this book explores how judges can and should address such issues. Both the European Convention on Human Rights and the European Union often play a decisive role, and the book points out both the advantages and the difficulties posed by this. Above all, it seeks to promote a more informed debate. 4aSovereignty 4aRule of law - European Union countries. a09901/MKRI-P/XI-2008 a09902/MKRI-P/XI-2008 a09902/MKRI-P/XI-2008 a09901/MKRI-P/XI-2008 a09901/MKRI-P/XI-2008 a09902/MKRI-P/XI-2008